Suurimmat kaupungit kirjaimittain - I - Statistics

Yleistilastot
  • Tätä visaa on pelattu 621 kertaa
  • Keskiarvotulos 3 / 8
Vastaustilastot
Valtio Väkiluku Kaupunki % Oikein
Turkki 16,1 milj. Istanbul
98%
Yhdysvallat 2,10 milj. Indianapolis
59%
Turkki 3,03 milj. Izmir
59%
Nigeria 3,93 milj. Ibadan
21%
Iran 3,35 milj. Isfahan
19%
Intia 3,53 milj. Indore
15%
Jordania 1,02 milj. Irbid
14%
Nigeria 1,19 milj. Ilorin
13%
Ehtoja vastaavia visoja ei löytynyt
Tulosjakauma
Jokaisen tuloksen saaneiden osuus
Persentiili vastausten määrän mukaan
Tuloshistoriasi
Et ole pelannut tätä visaa